000 01238nam a22003377a 4500
003 CHAP
005 20220329143802.0
008 110815s1979 mx a r 00010 spa d
010 _a101842
011 _a102814
035 _a113503
040 _cCHAP
082 0 4 _a972.52
_bY49
100 1 _aYhmoff Cabrera, Jesús.
_9123105
245 1 3 _aEl municipio de San Felipe del Progreso a traves del tiempo
_c/por Jesús Yhmoff Cabrera
260 _aMéxico :
_bGobierno del Estado de México,
_c1979
300 _a347 p. :
_bilus.
490 _aBiblioteca enciclopédica del estado de México
590 _aBATCH-UPD
_b10
_c20130110
_lUCH01
_h1148
590 _aBATCH-UPD
_b10
_c20130410
_lUCH01
_h0733
590 _aBATCH-UPD
_b10
_c20130914
_lUCH01
_h0620
590 _aCONVERSION
_b10
_c20130109
_lUCH01
_h1356
650 1 4 _aMéxico (Edo.)
_xCondiciones económicas.
_976824
650 1 4 _aMéxico (Edo.)
_xCondiciones sociales.
_976825
650 1 4 _aMéxico (Edo.)
_xHistoria.
_976831
650 1 4 _zMéxico (Edo.)
_xCondiciones rurales.
_9124376
830 0 _aBiblioteca enciclopédica del estado de México
_912385
901 _aBK
942 _cLIBRO
949 _a972.52 Y49
_bBC
_cLIBRO
_d33724002227728
_eLIBRO
_gDonaciØn
_h114592
_i113503
_si
999 _c101842
_d101842